| 000 | 00488nam a22001937a 4500 | ||
|---|---|---|---|
| 003 | CEME | ||
| 005 | 20210628205137.0 | ||
| 008 | 210226b xxu||||| |||| 00| 0 eng d | ||
| 020 | _a0-06-041042-6 | ||
| 040 | _c. | ||
| 082 | _a621.4021 BUR'E | ||
| 100 |
_aBurghardt, M. D _974142 |
||
| 245 | _aEngineering thermodynamics with applications | ||
| 250 | _a2ND | ||
| 260 |
_aCAMBRIDGE _bHARPER & ROW _c1982 |
||
| 300 | _aXIV, 571P | ||
| 650 |
_a ACC NO-30773 _974143 |
||
| 942 |
_cBK _2ddc |
||
| 999 |
_c579710 _d579710 |
||